| 000 | 00592cam a2200205 a 4500 | ||
|---|---|---|---|
| 001 | 671553 | ||
| 005 | 20231204024748.0 | ||
| 008 | 950518s1996 inu b s001 0 eng | ||
| 020 | _a0253329663 (cl : alk. paper) | ||
| 020 | _a0253210291 (pa : alk. paper) | ||
| 040 |
_aDLC _cDLC _dDLC |
||
| 082 | 0 | 0 |
_a305.42/01 _220 |
| 245 | 0 | 0 |
_aEcological feminist philosophies / _cedited by Karen J. Warren. |
| 260 |
_aBloomington : _bIndiana University Press, _c1996. |
||
| 300 | _axxvi, 270 p. ; | ||
| 650 | 0 | _aEcofeminism. | |
| 650 | 0 | _aFeminist theory. | |
| 700 | 1 |
_aWarren, Karen, _eedt |
|
| 942 | _cL | ||
| 999 |
_c129 _d129 |
||